LEADER 01118nam1-22003851i-450- 001 990001173600203316 005 20100208124444.0 035 $a000117360 035 $aUSA01000117360 035 $a(ALEPH)000117360USA01 035 $a000117360 100 $a20030912---------km-y0itab50------ba 101 $aspa 102 $aES 200 1 $aObras completas$fDiego de San Pedro$gedicion, introduccion y notas de Keith Whinnom 210 $aMadrid$cCastalia 215 $av.$d18 cm. 225 $aClásicos Castalia 410 $aClásicos Castalia 606 $aLetteratura spagnola 676 $a860 700 1$aSAN PEDRO,$bDiego de$0161775 702 1$aWHINNOM,$bKeith 912 $a990001173600203316 951 $aII.5.COLL.5 959 $aBK 969 $aDSLL 979 $aPATRY$b90$c20030912$lUSA01$h1409 979 $aPATRY$b90$c20040406$lUSA01$h1724 979 $aDSLL$b90$c20100204$lUSA01$h1045 979 $aDSLL$b90$c20100208$lUSA01$h1136 979 $aDSLL$b90$c20100208$lUSA01$h1142 979 $aDSLL$b90$c20100208$lUSA01$h1244 996 $aObras completas$9485784 997 $aUNISA LEADER 01017cam0-22003491i-450- 001 990003683680403321 005 20050905114350.0 010 $a88-339-1085-7 035 $a000368368 035 $aFED01000368368 035 $a(Aleph)000368368FED01 035 $a000368368 100 $a20030910d1998----km-y0itay50------ba 101 0 $aita 102 $aIT 105 $ay-------001yy 200 1 $aE il denaro va$eesodo e rivoluzione dei mercati finanziari$fChristian Marazzi 210 $aTorino$cBollati Boringhieri$aBellinzona$cEdizioni Casagrande$d1998 215 $a186 p.$d21 cm 225 1 $aSaggi$iStoria, filosofia e scienze sociali 610 0 $aFondi pensione 610 0 $aMercato finanziario 700 1$aMarazzi,$bChristian$0121329 801 0$aIT$bUNINA$gRICA$2UNIMARC 901 $aBK 912 $a990003683680403321 952 $aSE 112.03.24-$b1247D$fDECSE 952 $aJ/4.10 MAR$b18006$fSES 959 $aDECSE 959 $aSES 996 $aE il denaro va$9498668 997 $aUNINA LEADER 00835nam0-22002651i-450- 001 990004746760403321 005 20090610141312.0 035 $a000474676 035 $aFED01000474676 035 $a(Aleph)000474676FED01 035 $a000474676 100 $a19990604f1944----km-y0itay50------ba 101 0 $ager 105 $aaf------00--- 200 1 $aConcinnitas$eBeiträge zum Problem des klassischen$eHeinrich Wölfflin zum Achtzigsten Geburtstag am 21. Juni 1944 zugeeignet 210 $aBasel$cB. Schwabe & Co.$d[1944] 215 $a231 p., [5] c. di tav.$cill.$d23 cm 702 1$aWölfflin,$bHeinrich$f<1864-1945> 801 0$aIT$bUNINA$gRICA$2UNIMARC 901 $aBK 912 $a990004746760403321 952 $aP2D-WÖLFFLIN H.-1944$bBibl. 33815$fFLFBC 959 $aFLFBC 996 $aConcinnitas$9558005 997 $aUNINA